| 000 | 005630000a22001810004500 | ||
|---|---|---|---|
| 003 | MACL | ||
| 005 | 20160320152926.0 | ||
| 008 | 160320b xxu||||| |||| 00| 0 eng d | ||
| 040 |
_aMACL _cMACL |
||
| 041 | _aHindi | ||
| 082 | _a808 | ||
| 100 |
_aसुखवीर सिंह दलाल _919865 |
||
| 245 | _aसंतों के 101 प्रेरक प्रसंग | ||
| 260 |
_aदिल्ली _bसूर्य भारती प्रकाशन _c2011 |
||
| 350 | _a125 | ||
| 650 |
_aGeneral Knowledge _923065 |
||
| 942 |
_cHIN _k080 _2ddc |
||
| 999 |
_c46647 _d46647 |
||